000 01127nam0a22002891 4500
001 rc\4689944
005 20130416210311.8
021 _aRU
_b[66-6988]
035 _a(NLR Aleph) 008712799
090 _a9368967
_c9368967
100 _a20130416d1966 |||y0rusy50 ca
101 0 _arus
102 _aRU
105 _aa z |||||
200 1 _aПриемы повышения урожайности сельскохозяйственных культур
_e(Сборник науч. трудов)
_f[Ред. коллегия: Ю.Г. Егоров (отв. ред.) и др.]
_gГродн. с.-х. ин-т
210 _aМинск
_cУрожай
_d1966
215 _a120 с.
_cчерт.
_d20
320 _aБиблиогр. в конце работ
606 _aУрожайность
_yБССР
_2psbo
606 _aРастениеводство
_yБССР
_2psbo
702 1 _aЕгоров
_bЮ. Г.
_gЮрий Григорьевич
_4340
712 0 2 _aГродненский с.-х. ин-т
_3RU\NLR\AUTH\8818114
801 0 _aRU
_bNLR
_gpsbo
801 1 _aRU
_bELAR
_2rusmarc
852 _aNLR
_j66-3/5300
942 _cBOOK
980 _aNB